Determinación de los parametros de resistencia al corte en suelos residuales
Na minha lista:
| Autor principal: | |
|---|---|
| Formato: | Livro |
| Publicado em: |
San José, Costa Rica
1991
|
| Assuntos: | |
| Tags: |
Adicionar Tag
Sem tags, seja o primeiro a adicionar uma tag!
|
MARC
| LEADER | 00000nam a2200000Ia 4500 | ||
|---|---|---|---|
| 003 | 005375 | ||
| 005 | 20221231144324.0 | ||
| 008 | 140114s1991 cr a m 000 ||s d | ||
| 040 | |c cru CEDI | ||
| 090 | |a TFG 2564 | ||
| 100 | |a Jiménez Rojas, Rodolfo |9 12534 | ||
| 245 | |a Determinación de los parametros de resistencia al corte en suelos residuales | ||
| 260 | |c 1991 |a San José, Costa Rica | ||
| 300 | |a 97 hojas : ilustraciones ; 28 cm. | ||
| 500 | |a Tesis (licenciatura en ingeniería civil)--Universidad de Costa Rica. Facultad de Ingeniería. Escuela de Ingeniería Civil | ||
| 650 | |x MECANICA DE SUELOS |x TALUDES (MECANICA DE SUELOS) |9 4909 | ||
| 942 | |c TFG | ||
| 999 | |c 20144 |d 20144 | ||
